000 00445nam a2200157Ia 4500
008 240729s9999 xx 000 0 und d
022 _a2059-3635
245 0 _aSignal Transduction and Targeted Therapy
260 _aUnited Kingdom
260 _bNature Publishing Group
650 _a Biology (General)
650 _aMedicine | Science
856 _uhttps://doaj.org/toc/e9a2831e957945319158059ad8c5876e
942 _2ddc
942 _cDOAJEJ
999 _c74015
_d74015
945 _a1
_bMadushi Gamage
_c1
_dMadushi Gamage